000 00814cam a2200277 i 4500
001 420
003 CO-MdFUSB
005 20220621160529.0
008 220621b2004 sp |||| |||| 00| 0 spa d
020 _a848169634X
040 _bspa.
_aCO-MdFUSB
_cCO-MdFUSB
_dCO-MdFUSBC
_erda
041 _aspa
082 0 4 _a223.9
_b M863p
100 1 _aMorla Asensio, Víctor (1943-)
245 1 0 _aPoemas de amor y de deseo :
_bCantar de los Cantares
_cVíctor Morla
264 1 _aEstella, Navarra, España :
_bVerbo Divino,
_c[2004]
264 4 _c© 2004
300 _a411 Pág.
_c;
336 _2rdacontent
_atexto
_btxt
337 _2rdamedia
_asin mediación
_bn
338 _2rdacarrier
_avolumen
_bnc
630 0 7 _aBiblia.
_pAntiguo Testamento
630 0 7 _aBiblia.
_pCantares
942 _cBK
945 _aEstudiante
999 _c31950
_d31950